| 000 | 00617nam a2200181Ia 4500 | ||
|---|---|---|---|
| 003 | GCL | ||
| 008 | 140319s9999 xx 000 0 ara d | ||
| 040 |
_aGCL / _cGCL |
||
| 082 | 0 | 4 |
_a301.242 _bا ث |
| 100 | 1 | _aايفا غرزوزى | |
| 245 | 1 | 0 |
_aثورة الاصلاح بالارقام وحلول جديدة لمشاكل قديمة فى مصر / _cايفا غرزوزى |
| 300 | _a168 ص | ||
| 490 |
_aالهيئة العامة للاستعلامات _v0 |
||
| 650 | 0 | 4 | _aالاصلاح الاجتماعى |
| 650 | 0 | 4 | _aالتغير الاجتماعى |
| 650 | 0 | 4 | _aالاجتماع، علم |
| 942 |
_2ddc _cBK |
||
| 999 |
_c49797 _d49797 |
||